000 00320nam a2200145 4500
008 190522s ||||xo d
100 1 _aKiyosaki Robertt
_91131
245 1 0 _aŠkola biznisu
250 _a1.vydanie
260 _bMotýl
_aBratislava
020 _c0
041 1 _aslo
044 _axo
_cSK
958 _aAUL
999 _c22432
_d22432